[Event "Veletrzni turnaj 2018"]
[Site "Střední škola informatiky, "]
[Date "2018.08.26"]
[Round "1.1"]
[White "Licka, Vlastimil"]
[Black "Pokorny, Petr"]
[Result "0-1"]
[WhiteElo "1900"]
[BlackElo "2233"]
[PlyCount "84"]
[EventDate "2018.08.26"]

1. Nf3 d5 2. d4 c6 3. b3 Bg4 4. e3 Nd7 5. Bb2 e6 6. Nbd2 f5 7. Be2 Ngf6 8. Ng5
Bxe2 9. Qxe2 Qe7 10. Ngf3 Ne4 11. O-O g5 12. Nxe4 fxe4 13. Nd2 O-O-O 14. c4 Qg7
15. f3 exf3 16. Nxf3 Bd6 17. e4 g4 18. Nd2 Rhf8 19. e5 Be7 20. cxd5 cxd5 21.
Rac1+ Kb8 22. Rxf8 Rxf8 23. Nf1 h5 24. Qc2 Bg5 25. Qc7+ Ka8 26. Ba3 Bxc1 27.
Bxf8 Qxf8 28. Qxc1 Qb4 29. Qf4 Nb8 30. Ng3 Qe1+ 31. Qf1 Qd2 32. Qf2 Qd1+ 33.
Nf1 a5 34. h3 Nc6 35. Qf8+ Ka7 36. Qc5+ Ka6 37. hxg4 hxg4 38. Kf2 Nxd4 39. Ng3
Qd2+ 40. Kg1 Qe3+ 41. Kh1 Qe1+ 42. Kh2 Qxe5 0-1

[Event "Veletrzni turnaj 2018"]
[Site "Střední škola informatiky, "]
[Date "2018.08.26"]
[Round "1.2"]
[White "Dvorak, Adam"]
[Black "Hruza, Dominik"]
[Result "1/2-1/2"]
[WhiteElo "2188"]
[BlackElo "1877"]
[PlyCount "46"]
[EventDate "2018.08.26"]

1. Nf3 d5 2. e3 Nf6 3. b3 g6 4. Bb2 Bg7 5. c4 c6 6. Be2 O-O 7. O-O Nbd7 8. Qc2
b6 9. Nc3 Bb7 10. d4 Qc7 11. Rac1 Rac8 12. Nd1 e6 13. a4 a5 14. Ne5 Nxe5 15.
dxe5 Ne4 16. f3 Nc5 17. f4 Rfd8 18. Nf2 Na6 19. Rcd1 Nb4 20. Qc3 dxc4 21. bxc4
c5 22. Ng4 Bc6 23. Qe1 Bxa4 1/2-1/2

[Event "Veletrzni turnaj 2018"]
[Site "Střední škola informatiky, "]
[Date "2018.08.26"]
[Round "1.3"]
[White "Spodny, Josef"]
[Black "Meszaros, Ludek"]
[Result "1/2-1/2"]
[WhiteElo "1872"]
[BlackElo "2134"]
[PlyCount "49"]
[EventDate "2018.08.26"]

1. d4 Nf6 2. Nf3 g6 3. Bg5 Bg7 4. Nbd2 d5 5. c3 O-O 6. e3 b6 7. Be2 Bb7 8. O-O
Nbd7 9. Qb3 h6 10. Bh4 g5 11. Bg3 Nh5 12. c4 Nxg3 13. hxg3 e6 14. Rac1 c6 15.
cxd5 exd5 16. g4 Qe7 17. Bd3 c5 18. Bf5 c4 19. Qa4 Nf6 20. Ne5 a6 21. Qc2 h5
22. gxh5 Nxh5 23. Nd7 Rfd8 24. Nxb6 Rab8 25. Na4 1/2-1/2

[Event "Veletrzni turnaj 2018"]
[Site "Střední škola informatiky, "]
[Date "2018.08.26"]
[Round "1.4"]
[White "Bullen, Alex"]
[Black "Veznik, Michael"]
[Result "1-0"]
[WhiteElo "2120"]
[BlackElo "1857"]
[PlyCount "115"]
[EventDate "2018.08.26"]

1. d4 d5 2. Nf3 e6 3. Bf4 f5 4. e3 Nf6 5. Be2 Be7 6. h3 O-O 7. Nbd2 Ne4 8. O-O
Nd7 9. c4 c6 10. Nxe4 fxe4 11. Nd2 Nf6 12. f3 exf3 13. Bxf3 Bd6 14. Be2 Qc7 15.
Bxd6 Qxd6 16. Qe1 Bd7 17. Bd3 e5 18. Qg3 Rae8 19. Nf3 Nh5 20. Qg5 e4 21. Qxh5
exd3 22. Ne5 dxc4 23. Nxc4 Qg3 24. Rxf8+ Rxf8 25. Rf1 Rxf1+ 26. Kxf1 g6 27. Qe5
Qxe5 28. Nxe5 Bf5 29. Ke1 Kg7 30. Kd2 Kf6 31. Nxd3 h5 32. h4 Be4 33. g3 Kf5 34.
Nf2 Bb1 35. a3 a5 36. Ke2 a4 37. Kf3 Bc2 38. e4+ Ke6 39. Nh3 Bd1+ 40. Kf4 Bg4
41. Ng5+ Kd6 42. Nf7+ Ke7 43. Ne5 Bd1 44. Nxg6+ Kd6 45. Ne5 c5 46. Nc4+ Ke6 47.
d5+ Kd7 48. e5 b5 49. Ne3 Bb3 50. g4 hxg4 51. h5 g3 52. Kxg3 Ba2 53. Kf4 b4 54.
h6 Bb1 55. Nf5 bxa3 56. bxa3 c4 57. h7 c3 58. h8=Q 1-0

[Event "Veletrzni turnaj 2018"]
[Site "Střední škola informatiky, "]
[Date "2018.08.26"]
[Round "1.5"]
[White "Senasi, Martin"]
[Black "Dirgas, Josef"]
[Result "1-0"]
[WhiteElo "1854"]
[BlackElo "2067"]
[PlyCount "63"]
[EventDate "2018.08.26"]

1. d4 Nf6 2. Bf4 e6 3. e3 b6 4. Nf3 Bb7 5. Nbd2 Be7 6. Bd3 d5 7. c3 Nbd7 8. Qe2
O-O 9. h4 c5 10. h5 Ne4 11. g4 f6 12. O-O-O Qc8 13. Rdg1 Nxc3 14. bxc3 cxd4 15.
exd4 Qxc3+ 16. Kd1 e5 17. Nb1 Qc7 18. Be3 e4 19. Bc2 exf3 20. Qd3 f5 21. gxf5
Nf6 22. h6 Rf7 23. Rh3 Rc8 24. Rhg3 Ba6 25. Rxg7+ Rxg7 26. Rxg7+ Kf8 27. Qb3
Bc4 28. Qb2 Be2+ 29. Kd2 Ne4+ 30. Bxe4 dxe4 31. d5 Qc4 32. Rg8+ 1-0

[Event "Veletrzni turnaj 2018"]
[Site "Střední škola informatiky, "]
[Date "2018.08.26"]
[Round "1.6"]
[White "Jires, Jiri"]
[Black "Macurek, Miloslav"]
[Result "1-0"]
[WhiteElo "2029"]
[BlackElo "1850"]
[PlyCount "99"]
[EventDate "2018.08.26"]

1. e4 e6 2. d3 d5 3. Nd2 Nf6 4. Ngf3 b6 5. g3 Bb7 6. Qe2 Be7 7. Bg2 O-O 8. O-O
c5 9. Re1 Nc6 10. e5 Nd7 11. Nf1 Qc7 12. h4 Rac8 13. Bf4 Nd4 14. Nxd4 cxd4 15.
Rac1 Nc5 16. c3 dxc3 17. Rxc3 Qd7 18. Qg4 Kh8 19. d4 Na4 20. Rxc8 Rxc8 21. Qe2
b5 22. Ne3 b4 23. Bf1 Nb6 24. Qh5 g6 25. Qg4 Nc4 26. Nd1 Bc6 27. h5 Kg7 28. Bd3
Bb5 29. Kg2 Rh8 30. h6+ Kf8 31. Qe2 f5 32. exf6 Bxf6 33. b3 Na3 34. Bxb5 Nxb5
35. Qxe6 Qxe6 36. Rxe6 Bxd4 37. Be5 Bxe5 38. Rxe5 Nc7 39. Ne3 d4 40. Nd5 Nxd5
41. Rxd5 d3 42. Rxd3 Ke7 43. Rd4 Rb8 44. f4 Rb7 45. Kf3 Kf6 46. Rc4 Kf7 47. g4
Ke6 48. g5 Kf5 49. Rc6 Rd7 50. Rf6# 1-0

[Event "Veletrzni turnaj 2018"]
[Site "Střední škola informatiky, "]
[Date "2018.08.26"]
[Round "1.7"]
[White "Pavlik, Vladimir"]
[Black "Mares, Jaroslav"]
[Result "1-0"]
[WhiteElo "1843"]
[BlackElo "2029"]
[PlyCount "103"]
[EventDate "2018.08.26"]

1. e4 e6 2. d4 d5 3. exd5 exd5 4. Bd3 Bd6 5. Nf3 Nf6 6. O-O O-O 7. h3 h6 8. Re1
Be6 9. b3 Nc6 10. a3 Ne7 11. c4 c6 12. c5 Bc7 13. Qc2 Qc8 14. Ne5 Bf5 15. Bb2
Bxd3 16. Qxd3 Qf5 17. Qxf5 Nxf5 18. g4 Nh4 19. Nd2 Rad8 20. Re3 Ng6 21. Nxg6
fxg6 22. Re7 Rf7 23. Rae1 Rdf8 24. f3 Bf4 25. Bc3 Bg5 26. Rxf7 Kxf7 27. b4 Re8
28. Rxe8 Nxe8 29. Nb3 b6 30. a4 Nc7 31. Kf2 Ke7 32. Ke2 Ne6 33. cxb6 axb6 34.
a5 bxa5 35. bxa5 Nc7 36. Bb4+ Kd7 37. Kd3 Bf6 38. Bf8 Ke8 39. Bd6 Nb5 40. Be5
Kf7 41. a6 Bxe5 42. dxe5 g5 43. Nc5 Ke7 44. Ke3 g6 45. f4 gxf4+ 46. Kxf4 Kf7
47. h4 Kg7 48. e6 Kf6 49. g5+ hxg5+ 50. hxg5+ Ke7 51. Ke5 Na7 52. Nd3 1-0

[Event "Veletrzni turnaj 2018"]
[Site "Střední škola informatiky, "]
[Date "2018.08.26"]
[Round "1.8"]
[White "Popper, Tomas"]
[Black "Vachek, Jiri"]
[Result "1-0"]
[WhiteElo "2025"]
[BlackElo "1839"]
[PlyCount "103"]
[EventDate "2018.08.26"]

1. b4 d5 2. Bb2 Nf6 3. Nf3 e6 4. a3 c5 5. bxc5 Bxc5 6. e3 Nc6 7. d4 Bd6 8. Nbd2
Ne4 9. c4 Nxd2 10. Nxd2 dxc4 11. Nxc4 O-O 12. Nxd6 Qxd6 13. Be2 b6 14. O-O Bb7
15. Bf3 Rab8 16. Qe2 Rfe8 17. Rfd1 Ne7 18. Rac1 Bxf3 19. Qxf3 f6 20. Rc2 Qd7
21. e4 Rec8 22. Rcd2 Rc4 23. h4 Rbc8 24. h5 h6 25. Qg3 R8c6 26. f4 Rc2 27. Rxc2
Rxc2 28. Qb3 Rc8 29. f5 Kf7 30. fxe6+ Qxe6 31. d5 Qd6 32. a4 Qc5+ 33. Bd4 Qc4
34. Qf3 Rd8 35. Bf2 Rd7 36. Rd4 Qc1+ 37. Kh2 Qg5 38. Rd1 Kg8 39. Kg1 f5 40. e5
f4 41. d6 Nf5 42. Qd5+ Kh7 43. Qe4 Qxh5 44. Rc1 Qg6 45. Rc7 Qe6 46. Rxd7 Qxd7
47. e6 Qxd6 48. Qxf5+ Kh8 49. Bh4 g5 50. Qf6+ Kh7 51. Qf7+ Kh8 52. e7 1-0

[Event "Veletrzni turnaj 2018"]
[Site "Střední škola informatiky, "]
[Date "2018.08.26"]
[Round "1.25"]
[White "Prokop, Martin"]
[Black "Kosina, Vladimir"]
[Result "0-1"]
[WhiteElo "1416"]
[BlackElo "1705"]
[PlyCount "177"]
[EventDate "2018.08.26"]

1. e4 c5 2. c3 Nf6 3. d3 d6 4. Nf3 Nc6 5. Bg5 e6 6. Be2 Be7 7. O-O O-O 8. Nbd2
Bd7 9. Nc4 Qc7 10. Rc1 Rac8 11. Ncd2 h6 12. Bh4 Rfe8 13. d4 e5 14. b4 b6 15.
Re1 Nb8 16. dxe5 dxe5 17. Nc4 Bf8 18. Bg3 cxb4 19. Bxe5 Qc6 20. Bxb8 Rxb8 21.
Nfe5 Qc7 22. Nxd7 Nxd7 23. cxb4 Bxb4 24. Nd2 Qf4 25. Rc2 Bc5 26. Nf3 Nf6 27. g3
Qc7 28. Bd3 Ng4 29. Kg2 Rbd8 30. h3 Nf6 31. Rce2 Bb4 32. Rc2 Qb7 33. Ree2 Qd7
34. Rb2 a5 35. Rb3 Nxe4 36. Qc2 Nf6 37. Rxe8+ Rxe8 38. a3 Rc8 39. Qb1 Bc5 40.
Bf5 Qc7 41. Bxc8 Qxc8 42. Qc2 Qe6 43. Rd3 g6 44. Rd8+ Kg7 45. Qd3 Qe7 46. a4
Qb7 47. Kh2 Qc7 48. Kg2 Qc6 49. Qc4 Qc7 50. Rd3 Qe7 51. Qc3 Kh7 52. Qc4 Kg7 53.
Qc2 h5 54. Qb2 Qb7 55. Qc3 Qc6 56. Qa1 Qe8 57. Rd1 Qe2 58. Rf1 Qe7 59. Re1 Qb7
60. Qb2 Qd5 61. Qa1 Qc6 62. Rc1 g5 63. g4 hxg4 64. hxg4 Qe4 65. Qe5 Qxg4+ 66.
Qg3 Qxg3+ 67. fxg3 Nh7 68. Ne5 f6 69. Nd7 Bd4 70. Rb1 Nf8 71. Nxb6 Ne6 72. Nc4
Bc3 73. Rb5 Nd4 74. Rd5 Nc2 75. Nxa5 Ne3+ 76. Kf3 Nxd5 77. Nc6 Nb4 78. Ne7 Kf7
79. Nf5 Ke6 80. Ke4 Be5 81. g4 Na6 82. a5 Bc3 83. Nd4+ Kd7 84. Nb5 Bxa5 85. Kf5
Bd8 86. Nd4 Nc5 87. Nf3 Ne6 88. Nd2 Nc5 89. Nc4 0-1

[Event "Veletrzni turnaj 2018"]
[Site "Střední škola informatiky, "]
[Date "2018.08.26"]
[Round "1.9"]
[White "Glozar, Petr"]
[Black "Krejci, Petr"]
[Result "1/2-1/2"]
[WhiteElo "1831"]
[BlackElo "2011"]
[PlyCount "79"]
[EventDate "2018.08.26"]

1. e4 d5 2. exd5 Qxd5 3. Nc3 Qa5 4. d4 Nf6 5. Bd2 Qb6 6. Nf3 Bg4 7. Be2 e6 8.
O-O c6 9. Na4 Qc7 10. c4 Nbd7 11. Nc3 Bd6 12. h3 Bh5 13. a3 O-O 14. b4 Rad8 15.
Qc2 Bf4 16. Rad1 a6 17. a4 Bg6 18. Bxf4 Qxf4 19. Bd3 Nb6 20. a5 Nc8 21. Bxg6
hxg6 22. Na4 Qc7 23. Ne5 Nd7 24. Nxd7 Rxd7 25. Nc5 Rd6 26. Rd3 Rfd8 27. Rfd1
Ne7 28. Qe2 Nf5 29. Qe5 Qe7 30. Kh1 g5 31. d5 cxd5 32. cxd5 b6 33. g4 bxc5 34.
bxc5 Rxd5 35. Rxd5 Rxd5 36. Rxd5 exd5 37. Qxf5 Qxc5 38. Kg2 Qxa5 39. Qc8+ Kh7
40. Qf5+ 1/2-1/2

[Event "Veletrzni turnaj 2018"]
[Site "Střední škola informatiky, "]
[Date "2018.08.26"]
[Round "1.10"]
[White "Habina, Martin"]
[Black "Wunsch, Radek"]
[Result "1-0"]
[WhiteElo "2002"]
[BlackElo "1827"]
[PlyCount "87"]
[EventDate "2018.08.26"]

1. e4 e5 2. f4 Nc6 3. Nf3 f5 4. d4 fxe4 5. Nxe5 Nf6 6. Bb5 Ne7 7. g4 c6 8. g5
Nfd5 9. Be2 d6 10. Ng4 Ng6 11. O-O Bf5 12. c4 Nc7 13. d5 Qd7 14. Nc3 O-O-O 15.
Ne3 Ne7 16. Nxf5 Nxf5 17. Nxe4 h6 18. Ng3 Nxg3 19. hxg3 Kb8 20. Bg4 Qf7 21.
dxc6 Qxc4 22. Be3 hxg5 23. Bf3 Qe6 24. Qb3 Qxb3 25. axb3 b6 26. fxg5 d5 27.
Rad1 Be7 28. Bf4 d4 29. Be5 Bxg5 30. Bxg7 Rhg8 31. Be5 Rge8 32. Bf4 Bxf4 33.
gxf4 Re3 34. Bg2 Rxb3 35. Rd2 a5 36. f5 Nb5 37. f6 Rf8 38. f7 Kc7 39. Rf6 Re3
40. Kf2 Re7 41. Bd5 Nd6 42. Rxd4 Nxf7 43. Rdf4 Ne5 44. Rxf8 1-0

[Event "Veletrzni turnaj 2018"]
[Site "Střední škola informatiky, "]
[Date "2018.08.26"]
[Round "1.11"]
[White "Hrdlicka, Vladan"]
[Black "Mouryc, Tomas"]
[Result "1-0"]
[WhiteElo "1827"]
[BlackElo "1995"]
[PlyCount "89"]
[EventDate "2018.08.26"]

1. e4 d5 2. exd5 Qxd5 3. Nc3 Qa5 4. d4 Nf6 5. Bc4 c6 6. Bd2 Bf5 7. Nd5 Qd8 8.
Nxf6+ gxf6 9. Nf3 Nd7 10. c3 Nb6 11. Bb3 Bd3 12. Bc1 Ba6 13. Qc2 e6 14. Bd2 Qc7
15. c4 Nd7 16. O-O-O O-O-O 17. Kb1 c5 18. Bc3 Qf4 19. Rhe1 Rg8 20. Re4 Qf5 21.
Nh4 Qh5 22. g3 f5 23. Ree1 cxd4 24. Bxd4 Bc5 25. Bc3 b6 26. Ba4 Bb7 27. b4 Be4
28. Rxe4 fxe4 29. Qxe4 Nb8 30. Rxd8+ Rxd8 31. bxc5 Qxc5 32. Nf3 Qxf2 33. Nd4
Qf1+ 34. Kb2 Qxc4 35. Bb3 Qc5 36. a3 h6 37. g4 a6 38. h4 Qd6 39. Nc2 Qc6 40.
Qe3 Kb7 41. Qxh6 Rd3 42. Qg7 Nd7 43. Nb4 Qg2+ 44. Bc2 Rh3 45. Qxf7 1-0

[Event "Veletrzni turnaj 2018"]
[Site "Střední škola informatiky, "]
[Date "2018.08.26"]
[Round "1.12"]
[White "Straka, Vojtech"]
[Black "Pelikan, Jaromir"]
[Result "1-0"]
[WhiteElo "1977"]
[BlackElo "1813"]
[PlyCount "67"]
[EventDate "2018.08.26"]

1. d4 Nf6 2. c4 g6 3. Nc3 d5 4. cxd5 Nxd5 5. e4 Nxc3 6. bxc3 Bg7 7. Nf3 c5 8.
e5 O-O 9. Be2 Nc6 10. O-O Bf5 11. Be3 Qa5 12. Qb3 Qc7 13. Rac1 Na5 14. Qa3 c4
15. Nd2 Be6 16. f4 Rfd8 17. Rb1 a6 18. Nf3 Bd5 19. Ne1 e6 20. Nc2 Be4 21. Qc1
b5 22. Bf3 Bxf3 23. Rxf3 Nc6 24. g4 Ne7 25. Bd2 Nd5 26. Ne3 Qc6 27. Nxd5 Qxd5
28. Qf1 Qd7 29. f5 Re8 30. f6 Bf8 31. Qh3 Qd5 32. Bh6 Ba3 33. Bg7 Qe4 34. Qxh7+
1-0

[Event "Veletrzni turnaj 2018"]
[Site "Střední škola informatiky, "]
[Date "2018.08.26"]
[Round "1.13"]
[White "Volak, Simon"]
[Black "Pokladnik, Martin"]
[Result "0-1"]
[WhiteElo "1803"]
[BlackElo "1957"]
[PlyCount "108"]
[EventDate "2018.08.26"]

1. c4 Nf6 2. Nc3 c5 3. g3 Nc6 4. Bg2 g6 5. Nf3 Bg7 6. O-O O-O 7. d3 d6 8. a3
Ne8 9. Qc2 Bg4 10. e3 Qd7 11. Re1 Rb8 12. Rb1 Nc7 13. b4 b5 14. Nxb5 Nxb5 15.
cxb5 Rxb5 16. Bd2 cxb4 17. axb4 Rfb8 18. Qa4 a5 19. d4 Nxb4 20. Bxb4 Rxb4 21.
Rxb4 axb4 22. Qxd7 Bxd7 23. Nd2 e6 24. Nb3 Bf8 25. Bf1 Bc6 26. Bd3 e5 27. e4
Ba4 28. Rb1 exd4 29. Nxd4 Bg7 30. Bc2 Bxc2 31. Nxc2 b3 32. Ne3 b2 33. Nc4 Rc8
34. Nxb2 Rb8 35. Rd1 Rxb2 36. Rxd6 Bf8 37. Rd5 Rc2 38. f3 Kg7 39. Rd3 Bc5+ 40.
Kh1 h5 41. Rb3 h4 42. gxh4 Bd6 43. Rd3 Rxh2+ 44. Kg1 Bf4 45. Rb3 Rxh4 46. Kg2
Rh2+ 47. Kf1 Rc2 48. Ke1 Kf6 49. Rb5 Bg3+ 50. Kd1 Rf2 51. Rb3 Kg5 52. Rb5+ Kh4
53. Rb3 Kh3 54. e5 Kg2 0-1

[Event "Veletrzni turnaj 2018"]
[Site "Střední škola informatiky, "]
[Date "2018.08.26"]
[Round "1.14"]
[White "Snorek, Milan"]
[Black "Haupt, Jaromir"]
[Result "1-0"]
[WhiteElo "1956"]
[BlackElo "1795"]
[PlyCount "57"]
[EventDate "2018.08.26"]

1. d4 Nf6 2. c4 c5 3. Nf3 g6 4. Nc3 Bg7 5. g3 O-O 6. Bg2 Na6 7. O-O Nc7 8. dxc5
Ne6 9. Nd4 Nxc5 10. b4 Ne6 11. Nxe6 fxe6 12. Qb3 Ng4 13. h3 Ne5 14. Bf4 Qc7 15.
c5 d5 16. Bxd5 exd5 17. Nxd5 Be6 18. Nxc7 Bxb3 19. axb3 Nc6 20. Rad1 Rad8 21.
Ne6 Rxd1 22. Rxd1 Rc8 23. b5 Na5 24. b4 Nc4 25. Nxg7 e5 26. Bh6 g5 27. Nf5 Kf7
28. Nd6+ Nxd6 29. Rxd6 1-0

[Event "Veletrzni turnaj 2018"]
[Site "Střední škola informatiky, "]
[Date "2018.08.26"]
[Round "1.15"]
[White "Vavrinkova, Eliska"]
[Black "Dumkova, Daniela"]
[Result "1/2-1/2"]
[WhiteElo "1783"]
[BlackElo "1953"]
[PlyCount "66"]
[EventDate "2018.08.26"]

1. d4 Nf6 2. c4 e6 3. a3 b6 4. Nf3 Bb7 5. Nc3 d5 6. Bg5 Be7 7. e3 Nbd7 8. Be2
dxc4 9. Bxc4 O-O 10. O-O c5 11. Rc1 Rc8 12. Be2 Ne4 13. Bf4 cxd4 14. Nxe4 Rxc1
15. Qxc1 Bxe4 16. exd4 Nf6 17. Qd2 Nd5 18. Bg3 Bf6 19. Ne5 Ne7 20. f3 Bb7 21.
Qc3 Nf5 22. Bf2 Qd5 23. Rc1 h6 24. Bd3 Rc8 25. Qxc8+ Bxc8 26. Rxc8+ Kh7 27. Be4
Qb3 28. g4 g6 29. gxf5 gxf5 30. Bc6 Qxb2 31. Rc7 Qc1+ 32. Kg2 Qg5+ 33. Kh1 Qc1+
1/2-1/2

[Event "Veletrzni turnaj 2018"]
[Site "Střední škola informatiky, "]
[Date "2018.08.26"]
[Round "1.16"]
[White "Stehlik, Jiri"]
[Black "Jurak, Stanislav"]
[Result "1-0"]
[WhiteElo "1947"]
[BlackElo "1778"]
[PlyCount "55"]
[EventDate "2018.08.26"]

1. Nf3 d5 2. d4 Nf6 3. c4 e6 4. g3 Be7 5. Bg2 O-O 6. O-O Nbd7 7. Nbd2 Re8 8. b3
dxc4 9. Nxc4 c5 10. Bb2 Rb8 11. Nfe5 Nxe5 12. Nxe5 Qb6 13. Nc4 Qd8 14. dxc5
Bxc5 15. Be5 Ra8 16. Qxd8 Rxd8 17. Rfd1 Nd7 18. Bc7 Re8 19. Na5 Bb6 20. Bxb6
Nxb6 21. Nxb7 Bxb7 22. Bxb7 Rab8 23. Ba6 Kf8 24. Rac1 Re7 25. e4 f6 26. h4 Ke8
27. Kf1 Rd8 28. Bb5+ 1-0

[Event "Veletrzni turnaj 2018"]
[Site "Střední škola informatiky, "]
[Date "2018.08.26"]
[Round "1.17"]
[White "Neduchal, Jiri"]
[Black "Nemec, David"]
[Result "1/2-1/2"]
[WhiteElo "1770"]
[BlackElo "1924"]
[PlyCount "89"]
[EventDate "2018.08.26"]

1. d4 d6 2. Nf3 Nf6 3. e3 Nbd7 4. Bd3 e5 5. dxe5 dxe5 6. Nbd2 Be7 7. O-O O-O 8.
e4 c6 9. b3 Qc7 10. Bb2 Re8 11. Re1 Bf8 12. a4 a5 13. Qe2 Nh5 14. Nf1 Nf4 15.
Qd2 Bb4 16. Bc3 Bxc3 17. Qxc3 Nf6 18. Ng3 h5 19. Bc4 Nh7 20. Rad1 Bg4 21. h3
Bxf3 22. Qxf3 Ng5 23. Qe3 Nge6 24. Bxe6 Rxe6 25. Ne2 Ng6 26. Qg5 h4 27. Rd3 Rd6
28. Red1 Rxd3 29. Rxd3 Kf8 30. c4 Ke8 31. Kf1 Rd8 32. Rxd8+ Qxd8 33. Qxd8+ Kxd8
34. g3 Kd7 35. Nc1 Kd6 36. Nd3 Nf8 37. Ke2 Ne6 38. Ke3 f6 39. gxh4 Nd4 40. c5+
Ke7 41. Nc1 g6 42. f4 Kf7 43. fxe5 fxe5 44. Kf2 Kf6 45. Kg3 1/2-1/2

[Event "Veletrzni turnaj 2018"]
[Site "Střední škola informatiky, "]
[Date "2018.08.26"]
[Round "1.18"]
[White "Marsa, Alexandr"]
[Black "Nemec, Jakub"]
[Result "1-0"]
[WhiteElo "1910"]
[BlackElo "1768"]
[PlyCount "47"]
[EventDate "2018.08.26"]

1. d4 d5 2. c4 c6 3. Nc3 Nf6 4. e3 e6 5. Nf3 Bd6 6. Qc2 O-O 7. Bd2 Nbd7 8.
O-O-O dxc4 9. Bxc4 b5 10. Bd3 a5 11. e4 e5 12. dxe5 Bxe5 13. Nxe5 Nxe5 14. Be2
Ba6 15. Bg5 Qc7 16. Bxf6 gxf6 17. Nd5 Qd8 18. Ne3 Qb6 19. Rd6 b4 20. Bxa6 Qxa6
21. f4 Qb6 22. Nd5 Qb8 23. Nxf6+ Kh8 24. fxe5 1-0

[Event "Veletrzni turnaj 2018"]
[Site "Střední škola informatiky, "]
[Date "2018.08.26"]
[Round "1.19"]
[White "Bauer, Miroslav"]
[Black "Hladky, Tadeas"]
[Result "1-0"]
[WhiteElo "1610"]
[BlackElo "1758"]
[PlyCount "29"]
[EventDate "2018.08.26"]

1. e4 e5 2. Nf3 Nc6 3. d4 exd4 4. Nxd4 Bc5 5. Nb3 Bb6 6. Nc3 Qf6 7. Qd2 Nge7 8.
Bd3 d6 9. O-O Ne5 10. Na4 h6 11. Nxb6 Nf3+ 12. gxf3 Bh3 13. Qf4 Qxf4 14. Bxf4
Bxf1 15. Nxa8 1-0

[Event "Veletrzni turnaj 2018"]
[Site "Střední škola informatiky, "]
[Date "2018.08.26"]
[Round "1.20"]
[White "Zabloudil, Radek"]
[Black "Kacalek, Tomas"]
[Result "1-0"]
[WhiteElo "1747"]
[BlackElo "1538"]
[PlyCount "97"]
[EventDate "2018.08.26"]

1. e4 d6 2. d4 g6 3. Nc3 Nf6 4. f3 c6 5. Be3 b5 6. a3 Bg7 7. Qd2 Ba6 8. Nge2
Nbd7 9. Bh6 Bxh6 10. Qxh6 Qa5 11. Qc1 e5 12. g3 O-O 13. Bg2 Rab8 14. O-O Qb6
15. Rd1 Rfd8 16. Kh1 Nf8 17. Qg5 N6d7 18. d5 c5 19. b4 Kg7 20. g4 h6 21. Qh4 g5
22. Qf2 Ng6 23. Ng3 Bc8 24. Nf5+ Kf6 25. Ne2 Rh8 26. Neg3 Nf4 27. h4 h5 28.
Nxh5+ Nxh5 29. hxg5+ Kg6 30. gxh5+ Rxh5+ 31. Nh4+ Kg7 32. Bh3 Qd8 33. Nf5+ Kg6
34. Qg3 Nb6 35. Rg1 Qh8 36. Kg2 Rxg5 37. Bg4 Nxd5 38. Nh4+ Kg7 39. exd5 f5 40.
Nxf5+ Bxf5 41. Rh1 Qg8 42. Qh4 Rxg4+ 43. fxg4 Qxd5+ 44. Kg3 Bxc2 45. Qe7+ Kg8
46. Qg5+ Kf7 47. Raf1+ Ke6 48. Qg7 Qd3+ 49. Rf3 1-0

[Event "Veletrzni turnaj 2018"]
[Site "Střední škola informatiky, "]
[Date "2018.08.26"]
[Round "1.21"]
[White "Rychtecky, Pavel"]
[Black "Rehurek, Karel"]
[Result "0-1"]
[WhiteElo "1522"]
[BlackElo "1728"]
[PlyCount "46"]
[EventDate "2018.08.26"]

1. e4 e5 2. Nf3 Nc6 3. Bb5 Nd4 4. Nxd4 exd4 5. d3 c6 6. Ba4 Bc5 7. c3 Nf6 8. e5
Nd5 9. Qg4 dxc3 10. Qxg7 Rf8 11. Bg5 cxb2 12. Bxd8 bxa1=Q 13. O-O Kxd8 14. Bb3
Qd4 15. Nd2 b6 16. Nf3 Qxd3 17. Ng5 Qg6 18. Qxg6 hxg6 19. Ne4 Ba6 20. Rc1 Ba3
21. Rd1 Ke7 22. g3 Bb2 23. f4 Nc3 0-1

[Event "Veletrzni turnaj 2018"]
[Site "Střední škola informatiky, "]
[Date "2018.08.26"]
[Round "1.22"]
[White "Vanicek, Jan"]
[Black "Ivanov, Mikhail"]
[Result "1-0"]
[WhiteElo "1721"]
[BlackElo "1481"]
[PlyCount "49"]
[EventDate "2018.08.26"]

1. d4 Nf6 2. Nf3 c5 3. d5 d6 4. c4 b5 5. cxb5 a6 6. e3 g6 7. Nc3 Bg7 8. bxa6
Bxa6 9. Bxa6 Nxa6 10. O-O O-O 11. e4 Qb6 12. h3 Rfb8 13. Rb1 Nb4 14. a3 Na6 15.
Be3 Nd7 16. Qd2 Qb3 17. Rfc1 Nb6 18. Qd3 Nc4 19. Nd2 Nxd2 20. Qxd2 Nc7 21. Bg5
Kf8 22. Bh6 Nb5 23. Nxb5 Qxb5 24. Qc3 Bxh6 25. Qh8# 1-0

[Event "Veletrzni turnaj 2018"]
[Site "Střední škola informatiky, "]
[Date "2018.08.26"]
[Round "1.24"]
[White "Zikan, Karel"]
[Black "Vavrinkova, Anna"]
[Result "1-0"]
[WhiteElo "1712"]
[BlackElo "1456"]
[PlyCount "85"]
[EventDate "2018.08.26"]

1. Nf3 d5 2. d4 Nf6 3. c4 c6 4. Nc3 a6 5. cxd5 cxd5 6. Bf4 e6 7. e3 Bd6 8. Bxd6
Qxd6 9. Bd3 O-O 10. O-O Nc6 11. Rc1 b5 12. a3 Bb7 13. Bb1 Rac8 14. Qd3 Rfd8 15.
b4 e5 16. dxe5 Nxe5 17. Nxe5 Qxe5 18. Ne2 Qg5 19. Nd4 Rc4 20. Ba2 Rxc1 21. Rxc1
Rc8 22. Rxc8+ Bxc8 23. Nf3 Qh5 24. Qc3 Be6 25. Qc6 h6 26. Qxa6 Qg6 27. Qa8+ Kh7
28. Nd2 Qg5 29. Bb1+ g6 30. Nf3 Qg4 31. Bd3 Bd7 32. h3 Qh5 33. Qb7 Kg7 34. Be2
Qf5 35. Nd4 Qb1+ 36. Bf1 Qa2 37. Bxb5 Ne4 38. Be2 Qb1+ 39. Bf1 Qb2 40. Ne2 Be6
41. Qa7 Nd2 42. Qd4+ Qxd4 43. Nxd4 1-0

[Event "Veletrzni turnaj 2018"]
[Site "Střední škola informatiky, "]
[Date "2018.08.26"]
[Round "1.26"]
[White "Khadash, Kamil"]
[Black "Vaculik, Martin"]
[Result "1-0"]
[WhiteElo "1701"]
[BlackElo "1410"]
[PlyCount "89"]
[EventDate "2018.08.26"]

1. Nf3 Nf6 2. g3 g6 3. Bg2 Bg7 4. O-O O-O 5. d4 d6 6. Re1 Nbd7 7. e4 e5 8. c3
Re8 9. Bg5 h6 10. Bxf6 Nxf6 11. dxe5 dxe5 12. Qxd8 Rxd8 13. Nxe5 Nxe4 14. Nxf7
Kxf7 15. Bxe4 Bf5 16. Na3 Bxe4 17. Rxe4 Rd2 18. Nc4 Rc2 19. a4 Rd8 20. Rae1 Rd7
21. Rf4+ Kg8 22. Re8+ Kh7 23. Ra8 a6 24. Rb8 c6 25. Rc8 Re7 26. a5 h5 27. Rd8
g5 28. Rf3 Re1+ 29. Kg2 Rcc1 30. Re3 Rg1+ 31. Kf3 g4+ 32. Ke4 Rgf1 33. f4 gxf3
34. Rxf3 Rxf3 35. Kxf3 Rf1+ 36. Ke4 Re1+ 37. Kf5 Rf1+ 38. Ke6 Re1+ 39. Kd6 Re4
40. b3 Bxc3 41. Rd7+ Kg6 42. Rxb7 Rxc4 43. bxc4 Bxa5 44. Kxc6 Be1 45. Kd5 1-0

[Event "Veletrzni turnaj 2018"]
[Site "Střední škola informatiky, "]
[Date "2018.08.26"]
[Round "1.27"]
[White "Ulcak, Michael"]
[Black "Blazek, Pavel"]
[Result "0-1"]
[WhiteElo "1404"]
[BlackElo "1697"]
[PlyCount "64"]
[EventDate "2018.08.26"]

1. e4 e5 2. Nf3 Nc6 3. Bc4 Bc5 4. c3 Nf6 5. d4 exd4 6. cxd4 Bb4+ 7. Bd2 Nxe4 8.
Bxb4 Nxb4 9. Bxf7+ Kxf7 10. Qb3+ d5 11. Ne5+ Ke6 12. Qxb4 Qf8 13. Nd3 Qxb4+ 14.
Nxb4 Rf8 15. f3 Nd6 16. Nc3 c6 17. Kf2 Kf7 18. Rhe1 Bf5 19. Rad1 Rae8 20. b3
Rxe1 21. Kxe1 Re8+ 22. Kf2 h6 23. Nd3 Re7 24. Ne5+ Kg8 25. a4 Bc2 26. Rc1 Bxb3
27. a5 Nf5 28. Ne2 a6 29. g4 Nd6 30. Nxc6 bxc6 31. Rxc6 Nb7 32. Rxa6 Rxe2+ 0-1